Équipes ayant participé à la Classique mondiale de baseball - Statistiques

Statistiques générales
  • Ce quiz a été pris 143 fois
  • Le résultat moyen est 15 sur 23
Statistiques - réponses
# Record Équipe % Correct
6 Vainqueur Japon
99%
6 Vainqueur États-Unis
97%
6 Quarts de finale Canada
90%
6 Demi-finales Mexique
86%
5 Premier tour Chine
80%
6 Finaliste Corée du Sud
80%
6 Finaliste Cuba
75%
2 Premier tour Grande-Bretagne
75%
6 Quarts de finale Australie
72%
2 Premier tour Brésil
70%
1 Premier tour Espagne
70%
6 Demi-finales Italie
66%
3 Premier tour Colombie
62%
6 Vainqueur Venezuela
61%
6 Vainqueur République dominicaine
56%
4 Premier tour Panama
53%
6 Demi-finales Pays-Bas
53%
6 Quarts de finale Taïwan
50%
2 Premier tour Nicaragua
46%
6 Finaliste Porto Rico
44%
2 Premier tour Afrique du Sud
40%
2 Premier tour Tchéquie
24%
3 Quarts de finale Israël
19%
Aucun quiz correspondant
Distribution des résultats
% des personnes avec chaque résultat
Percentile par nombre de réponses
Votre historique - résultats
Vous n’avez pas pris ce quiz